000 00614nam a2200229Ia 4500
003 OSt
005 20220918212145.0
006 a|||||r|||| 00| 0
007 ta
008 220917b |||||||| |||| 00| 0 eng d
024 _a127,508
037 _cTextual
040 _aARTS
_cARTS
_beng
041 _2eng
_aeng
082 _aW61y72, K3-;4-;5
100 _aWeiner M
_992248
245 0 _aPolitics of scarcity
_b Public pressure and political response in India
260 _c1963
650 _aPOLITICAL SCIENCE
942 _hW61y72, K3-;4-;5
_cTEXL
_2CC
999 _c250650
_d250650